000 01957cam a22004817a 4500
003 CHAP
005 20220329141114.0
008 971014s1996 r 00010 d
010 _a62633
011 _a63605
035 _a67781
040 _cCHAP
082 _a630.83 I56
_bI56 Yuc.
110 _aInstituto Nacional de Estadística, Geografía e Informática. México
_959304
245 0 _aIndicadores básicos censales
_b: Yucatán
260 _aAguascalientes, Ags. :
_bINEGI,
_c1996
300 _a248 p.
_b; anexos
_e+ 1 anexo (20 diagramas de universos)
590 _aBATCH-UPD
_b10
_c20130110
_lUCH01
_h0252
590 _aBATCH-UPD
_b10
_c20130110
_lUCH01
_h1144
590 _aBATCH-UPD
_b10
_c20130409
_lUCH01
_h2323
590 _aBATCH-UPD
_b10
_c20130410
_lUCH01
_h1426
590 _aBATCH-UPD
_b10
_c20130914
_lUCH01
_h0037
590 _aBATCH-UPD
_b10
_c20130914
_lUCH01
_h1758
590 _aCONVERSION
_b10
_c20130109
_lUCH01
_h1334
650 1 4 _aAgricultura
_xEstadisticas
_zYucatan.
_91472
650 1 4 _aAgricultura
_xYucatán.
_91902
650 1 4 _aBosques
_xEstadísticas
_xYucatán.
_914166
650 1 4 _aCrédito agrícola
_xYucatán.
_929085
650 1 4 _aCultivos
_xEstadísticas.
_930269
650 1 4 _aCultivos
_xYucatán.
_930338
650 1 4 _aEjidos
_xYucatán.
_936036
650 1 4 _aGanadería
_xEstadísticas
_zYucatán.
_944731
650 1 4 _aGanadería
_xYucatán.
_944861
650 1 4 _aMaquinaria agrícola
_xEstadísticas.
_971170
650 1 4 _aTierras
_xTenencia
_xYucatán.
_9113210
790 _aCensos agropecuarios (7o), 1991
901 _aBK
942 _cLIBRO
949 _a630.83 I56 Yuc.
_bBC
_cESP
_d-153164
_eESP
_fanexo
_h92326
_i67781
_sb
_t58.00
949 _a630.83 I56 Yuc.
_bBC
_cESP
_d677812
_eESP
_fanexo c.2
_gDonaciØn
_h100493
_i67781
_sb
949 _a630.83 I56 Yuc.
_bBC
_cINEGI
_d33724000686655
_eINEGI
_gI. c/e
_h92326
_i67781
_si
_t58.00
949 _a630.83 I56 Yuc.
_bBC
_cINEGI
_d33724000899845
_eINEGI
_fc.2
_gDonaciØn
_h100493
_i67781
_sb
999 _c62633
_d62633